Reverse Family Feud Quiz Stats

 Plays Quiz not verified by Sporcle

Score 0/20 Timer 05:00
0 Plays Today
Top Four Answers Subject % Correct
Underwear, Toiler Paper, Wedding Dress, MilkName something you buy that is almost always white
88%
Fingerprint Them, Book Them, Question, Mug ShotName something the police do at the station to those who are arrested
68.1%
Sing, Make Faces, Play With It, Talk To ItName something people do to entertain a baby
66.2%
Kangaroo, Purse, Pool Table, BreadBesides clothing, name something that has a pocket
52.9%
Swiss Cheese, Donut, Sieve, SocksName something with holes in it
47.9%
Keyhole, Window, Peephole, CurtainName something people try to peek through
36.6%
Teakettle, Clothes Iron, Train, Pressure CookerName something that lets off steam
28.6%
Australia, Cuba, England, JapanName a country that's an island or islands
27.6%
Fortune Teller, Psychic, Astrologer, GypsyName a person who foretells the future besides witches and wizards
26.9%
Rockefeller, Kennedy, Trump, VanderbiltGive me a name you associate with vast wealth
24.1%
Top Four Answers Subject % Correct
RCA, Motown, Capitol, ColumbiaName a record company
23.3%
Cannon, Fireworks, Thunder, BombName something that goes 'Boom!'
22.8%
Shopping, Candy, Men, JewelryName something women find hard to resist
21.5%
Las Vegas, Sodom, New Orleans, New York CityPast or present, name a city with a reputation for sinfulness
18%
Body, Salad, Frying Pan, Door HingesName something people put oil on
17.5%
Ice Cream, Vegetables, TV Dinner, PizzaName something you buy frozen
15.7%
Blow Out Candles, Eat Cake, Sing Happy Birthday, Spill ThingsName something that happens at every child's birthday party
8.6%
Dogs, Mice, Birds, AlfReal or fictional, name a creature which hates cats
7.8%
Amusement Park, Groceries, Movie, BankName the kind of place that usually has the longest lines
3%
B, T, I, UName a letter of the alphabet, other than C, that sounds like a word
1.7%

You're not logged in!

Compare scores with friends on all Sporcle quizzes.
OR
Log In

Show Comments

Extras

Created Feb 5, 2011SourceReportNominate
Tags:family, Family Feud, feud

Top Quizzes Today


Score Distribution

Your Account Isn't Verified!

In order to create a playlist on Sporcle, you need to verify the email address you used during registration. Go to your Sporcle Settings to finish the process.

Report this User

Report this user for behavior that violates our Community Guidelines.

Details: